Alphabetical Disease/Disorder General Knowledge Quiz - Statistics

General Stats
  • This quiz has been taken 37 times
  • The average score is 17 of 26
Answer Stats
Hint Answer % Correct
Abnormal cell growth, forming tumours Cancer
97%
Nothing for K (JUST WRITE K) K
93%
Nothing for V (write V) V
93%
Causes extreme mood swings Bipolar Disorder
90%
Nothing for Q (WRITE Q) Q
90%
Nothing for X (write X) X
90%
Nothing for Z (write Z) Z
90%
Caused by eating raw chicken or eggs Salmonella
87%
Loss of cognitive function, decline in thinking and memory Dementia
83%
STD, usually has no symptoms (rhymes with diarrhea) Gonorrhea
77%
Having a BMI of over 30 Obesity
77%
Your body produces a lower than normal amount of red blood, likes to eat ice Anemia
67%
3 letters, causes fever, fatigue, and swollen lymph nodes HIV
63%
Yellowing of skin and eyes, caused by liver problems JAUNDICE
63%
A disease spread by mosquitoes (named after a colour) Yellow Fever
63%
Lung infection caused by bacteria, viruses or fungi Pneumonia
60%
Respiratory infection, common, shortened to a 3 letter word Influenza
57%
Affects sleep-wake cycle, similar name to epilepsy, causes tiredness Narcolepsy
53%
Highly contagious, causes skin rash and fever, similar to chickenpox Measles
50%
Infection that affects the bladder, urethra and kidneys, can be shortened to 3 letters Urinary Tract Infection
50%
Bacterial infection that causes a severe cough that sounds like a "whoop" Whooping Cough
50%
Caused by exposure to alcohol during pregnancy, syndrome Fetal Alcohol Syndrome
47%
Causes involuntary movements and vocalisations, syndrome Tourette Syndrome
43%
Causes progressive and fatal inflammation of brain and spinal cord, once symptoms are found there is no cure Rabies
33%
Causes discoloured skin patches and ulcers Leprosy
13%
Causes unexplained bleeding, may be internal Ebola
10%
No matching quizzes found
Score Distribution
Percent of People with Each Score
Percentile by Number Answered
Your Score History
You have not taken this quiz